Zázračný mlýnek a další pohádky

Hlavní autor: Drijverová, Martina, 1951-2022
Další autoři: Kosová, Ludmila, Hlavica, Miloš, 1933-2015, Merunková, Růžena, 1940-
Jazyk: Čeština
Vydáno: Praha : Pražská vydavatelská společnost, 2008
Edice: Království pohádek
Témata:
Fyzický popis: 1 zvuková deska (46:05) digital, stereo 12 cm
Zvukové nahrávky
Uloženo v:
LEADER 01709nim a2200421 a 4500
001 000919002
003 CZ BrMZK
005 20180219102542.0
007 sd fsngnnmmned
008 081029s2008 xr ||n gs cze d
040 |a BOA001  |b cze 
072 7 |a 821-93  |x Literatura pro děti a mládež (beletrie)  |2 Konspekt  |9 26 
072 7 |a 821.162.3-3  |x Česká próza  |2 Konspekt  |9 25 
080 |a 821.162.3-34  |2 MRF 
080 |a (0:82-34)  |2 MRF 
080 |a (086.7.053.2)  |2 MRF 
080 |a (086.76)  |2 MRF 
100 1 |a Drijverová, Martina,  |d 1951-2022  |7 jk01023067  |4 aut 
245 1 0 |a Zázračný mlýnek a další pohádky  |h [zvukový záznam] 
260 |a Praha :  |b Pražská vydavatelská společnost,  |c 2008 
300 |a 1 zvuková deska (46:05)  |b digital, stereo  |c 12 cm 
490 1 |a Království pohádek ;  |v 138 
500 |a Příl. k čas.: Méďa Pusík 2008/10 
505 0 |t Zázračný mlýnek  |t Hrst obilí  |t Uši, které neslyší  |t Malíř a čert  |t Zlý duch u sedláka  |t Labutinka 
508 |a Režie Ludmila Kosová 
511 1 |a Miloš Hlavica, Růžena Merunková 
518 |a Nahráno ve studiu "MI 91" v lednu 2008 
655 7 |a české pohádky  |7 fd133970  |2 czenas 
655 7 |a zvukové záznamy pro děti a mládež  |7 fd186726  |2 czenas 
655 7 |a kompaktní desky  |7 fd201991  |2 czenas 
700 1 |a Kosová, Ludmila  |7 pna2007383939  |4 drt 
700 1 |a Hlavica, Miloš,  |d 1933-2015  |7 jn20000400958  |4 stl 
700 1 |a Merunková, Růžena,  |d 1940-  |7 jn19990209540  |4 stl 
830 0 |a Království pohádek 
910 |a BOA001  |b CDA-1213.067 
990 |a AV 
991 |b 200901 
996 6 |b 2610358770  |c CDA-1213.067  |l MZK  |r Sklad / do 24 hodin  |n 1  |p p.v.  |w 000919002  |u 000010  |a 1  |e BOA001  |j MZK50  |s P